|
|
|
|
| LEADER |
00923nam a2200217 i 4500 |
| 001 |
misc74455 |
| 005 |
20231214100126.0 |
| 008 |
231211suuuu hu o 000 hun d |
| 040 |
|
|
|a SZTE Miscellanea Repozitórium
|b hun
|
| 041 |
|
|
|a hun
|
| 100 |
1 |
|
|a Hézser Aurél
|
| 245 |
1 |
0 |
|a Földrajz a felső kereskedelmi iskolák III. évfolyama számára
|h [elektronikus dokumentum] :
|b III. rész: Magyarország gazdaságföldrajza /
|c Hézser Aurél
|
| 260 |
|
|
|a Franklin
|
| 250 |
|
|
|a új tanterv szerint átdolgozott 3. kiadás
|
| 300 |
|
|
|a 142
|
| 561 |
|
|
|a Archív földrajztankönyvek
|
| 591 |
|
|
|a Dr. Szilassi Péter magángyűjteménye
|
| 650 |
|
4 |
|a Természettudományok
|
| 650 |
|
4 |
|a Föld- és kapcsolódó környezettudományok
|
| 695 |
|
|
|a Földrajz - középiskola - tankönyv, Gazdasági földrajz - Magyarország - tankönyv
|
| 856 |
4 |
0 |
|u http://misc.bibl.u-szeged.hu/74455/1/foldrajz_tankonyv_047.pdf
|z Dokumentum-elérés
|